Geografia USA i Kanady na mapie - Statystyki

Ogólne statystyki
  • Ten quiz został rozwiązany 53 razy
  • Średni wynik to 55 z 155
Odpowiedzi na mapie
Odpowiedzi zakodowano w zielono-czerwonej skali na mapie do tego quizu, zgodnie z poniższymi procentami.
 
Statystyki odpowiedzi
Grupa Odpowiedź % Poprawnych
olympiccity Los Angeles
82%
river Missisipi
82%
state Nowy Meksyk
79%
lake Michigan
76%
city Toronto
76%
river Missouri
73%
city Nowy Jork
73%
state Luizjana
70%
lake Ontario
70%
peninsula Półwysep Floryda
70%
capital Quebec
70%
island | olympiccity Vancouver
70%
state Montana
67%
lake Jezioro Górne
64%
state Karolina Południowa
64%
river Kolorado
64%
olympiccity Montreal
64%
river Rio Grande
64%
state Wirginia Zachodnia
64%
olympiccity Atlanta
61%
city Chicago
61%
state Connecticut
61%
state Iowa
61%
city Las Vegas
61%
state New Hampshire
61%
bodyofwater Zatoka Baffina
61%
lake Erie
58%
capital Honolulu
58%
river Jukon
58%
city Miami
58%
capital Phoenix
58%
state Nowa Fundlandia i Labrador
55%
state Terytoria Północno-Zachodnie
55%
bodyofwater Zatoka San Francisco
55%
river Arkansas
52%
capital Edmonton
52%
city Houston
52%
lake Huron
52%
river Ohio
52%
olympiccity Salt Lake City
52%
state Wyspa Księcia Edwarda
52%
capital Boston
48%
capital Indianapolis
48%
bodyofwater Ocean Atlantycki
48%
bodyofwater Ocean Spokojny
48%
lake Winnipeg
48%
island Wyspa Banksa
48%
island Wyspa Ellesmeare'a
48%
bodyofwater Zatoka Meksykańska/Amerykańska
48%
city Jacksonville
45%
state Manitoba
45%
mountain Mauna Kea
45%
city Minneapolis
45%
bodyofwater Zatoka Alaska
45%
bodyofwater Ocean Arktyczny
42%
national park Park Narodowy Yellowstone
42%
olympiccity Saint Louis
42%
city San Jose
42%
lake Wielkie Jezioro Niedźwiedzie
42%
lake Wielkie Jezioro Niewolnicze
42%
capital Yellowknife
42%
capital Denver
39%
river Kolumbia
39%
island Long Island
39%
city Nowy Orlean
39%
city Portland
39%
river Rzeka Świętego Wawrzyńca
39%
river Snake
39%
lake Wielkie Jezioro Słone
39%
bodyofwater Zatoka Hudsona
39%
bodyofwater Zatoka Maine
39%
mountain Góra Waszyngtona
36%
capital Whitehorse
36%
mountain Góra Świętego Eliasza
33%
capital Halifax
33%
bodyofwater Morze Labradorskie
33%
mountain Mount McKinley
33%
peninsula Półwysep Dolny
33%
peninsula Półwysep Górny
33%
capital Regina
33%
river Rzeka Czerwona
33%
city Saskatoon
33%
city Seattle
33%
bodyofwater Zatoka Świętego Wawrzyńca
33%
bodyofwater Cieśnina Davisa
30%
bodyofwater Cieśnina Hudsona
30%
olympiccity Lake Placid
30%
mountain Logan
30%
mountain Mount Robson
30%
mountain Mount Thor
30%
bodyofwater Przejście Północno-Zachodnie
30%
capital Richmond
30%
capital Victoria
30%
bodyofwater Zatoka Fundy
30%
capital Augusta
27%
capital Iqaluit
27%
island Kodiak
27%
bodyofwater Morze Beringa
27%
mountain Mount Hood
27%
mountain Mount St. Helens
27%
peninsula Półwysep Olimpijski
27%
city Savannah
27%
bodyofwater Zatoka Puget
27%
capital Boise
24%
olympiccity Calgary
24%
mountain Mount Elbert
24%
river Nelson
24%
national park Park Narodowy Doliny Śmierci
24%
national park Park Narodowy Wielkiego Kanionu
24%
peninsula Cape Cod
21%
lake Jezioro Saint Clair
21%
national park Park Narodowy Jasper
21%
river Potomak
21%
bodyofwater Zatoka Chesapeake
21%
national park Park Narodowy Great Smoky Mountains
18%
national park Park Narodowy Zion
18%
city Anchorage
15%
capital Des Moines
15%
island Devon
15%
bodyofwater Morze Czukockie
15%
city Norfolk
15%
city Detroit
12%
bodyofwater Morze Salish
12%
mountain Mount Whitney
12%
city Omaha
12%
city Albuquerque
9%
lake Athabaska
9%
city Buffalo
9%
bodyofwater Morze Beauforta
9%
national park Park Narodowy Everglades
9%
island Aleuty
6%
city Memphis
6%
mountain Mount Rainier
6%
national park Park Narodowy Yosemite
6%
city Tulsa
6%
city Wichita
6%
island Anticosti
3%
city Billings
3%
island Cape Breton
3%
city Cincinnati
3%
city Fargo
3%
river Mackenzie
3%
mountain Mount Mitchell
3%
mountain Mount Rushmore
3%
olympiccity Palisades Tahoe
3%
national park Park Narodowy Banff
3%
national park Park Narodowy Joshua Tree
3%
city Sault-Sainte-Marie
3%
island Somerset
3%
island Southampton
3%
lake Tahoe
3%
island Wyspa Bathursta
3%
peninsula Delmarva
0%
island Oahu
0%
Nie znaleziono quizów pasujących do podanych kryteriów
Rozkład punktacji
Procent ludzi z każdym wynikiem
Percentyl według liczby udzielonych odpowiedzi
Twoja historia wyników
Nie rozwiązałeś tego quizu